<?xml version="1.0" encoding="UTF-8"?>
<collection xmlns="http://www.loc.gov/MARC21/slim">
<record>
  <controlfield tag="001">241274</controlfield>
  <controlfield tag="005">20230212174123.0</controlfield>
  <datafield tag="024" ind1="7" ind2=" ">
    <subfield code="a">G:(EU-Grant)101022733</subfield>
    <subfield code="d">101022733</subfield>
    <subfield code="2">CORDIS</subfield>
  </datafield>
  <datafield tag="024" ind1="7" ind2=" ">
    <subfield code="a">G:(EU-Call)H2020-MSCA-IF-2020</subfield>
    <subfield code="d">H2020-MSCA-IF-2020</subfield>
    <subfield code="2">CORDIS</subfield>
  </datafield>
  <datafield tag="024" ind1="7" ind2=" ">
    <subfield code="a">corda__h2020::101022733</subfield>
    <subfield code="2">originalID</subfield>
  </datafield>
  <datafield tag="035" ind1=" " ind2=" ">
    <subfield code="a">G:(EU-Grant)101022733</subfield>
  </datafield>
  <datafield tag="150" ind1=" " ind2=" ">
    <subfield code="a">Cobalt-catalyzed late-stage functionalization of arenes through metal-ligand cooperation</subfield>
    <subfield code="y">2021-05-01 - 2024-04-30</subfield>
  </datafield>
  <datafield tag="372" ind1=" " ind2=" ">
    <subfield code="a">H2020-MSCA-IF-2020</subfield>
    <subfield code="s">2021-05-01</subfield>
    <subfield code="t">2024-04-30</subfield>
  </datafield>
  <datafield tag="450" ind1=" " ind2=" ">
    <subfield code="a">CobaltLSF</subfield>
    <subfield code="w">d</subfield>
    <subfield code="y">2021-05-01 - 2024-04-30</subfield>
  </datafield>
  <datafield tag="510" ind1="1" ind2=" ">
    <subfield code="0">I:(DE-588b)5098525-5</subfield>
    <subfield code="a">European Union</subfield>
    <subfield code="2">CORDIS</subfield>
  </datafield>
  <datafield tag="680" ind1=" " ind2=" ">
    <subfield code="a">The depleting reserves of precious metals within the Earth’s crust has made their replacement with more abundant first-row transition metals of paramount importance. Pincer-ligated cobalt complexes have shown a unique ability to recapitulate the reactivity of commonly employed iridium catalysts for arene C–H borylation but, notably, with complementary ortho-to-fluorine site selectivity. However, the lower activity and functional group tolerance of cobalt catalysts has precluded their use in more demanding late-stage applications, depriving chemists of the possibility to selectively functionalize fluoroarenes within complex molecules. “CobaltLSF” aims to unlock the full potential of Co-catalyzed arene C–H functionalization with the use of a novel carbene-containing NCN-pincer ligand that is designed to promote metal-ligand cooperation to address three main challenges: (1) chemoselectivity, by facilitating key steps such as C–H bond cleavage and bond-forming reductive elimination, improving the efficiency of desired catalytic processes over competing side-reactions; (2) site selectivity, through ligand-assisted C–H activation which is predicted to result in a rapidly reversible process that would reinforce ortho-to-fluorine selectivity; (3) direct C–H alkylation using olefin coupling partners, with the aim of expanding the bond-forming capabilities of cobalt catalysis beyond C–H borylation in the context of a green, waste-free method for installing alkyl chains. Alongside the development of (NCN)Co catalysts, their application to the late-stage functionalization (LSF) of fluoroarene-containing drugs will be examined and their chemo- and site selectivity benchmarked against known LSF methods, providing useful comparative data for end-users, such as medicinal chemists. Overall, the successful realization of the proposal is expected to have far-reaching implications for the use of carbene-containing pincer ligands in C–H functionalization with earth-abundant metals.</subfield>
  </datafield>
  <datafield tag="909" ind1="C" ind2="O">
    <subfield code="o">oai:juser.fz-juelich.de:897714</subfield>
    <subfield code="p">authority:GRANT</subfield>
    <subfield code="p">authority</subfield>
  </datafield>
  <datafield tag="980" ind1=" " ind2=" ">
    <subfield code="a">G</subfield>
  </datafield>
  <datafield tag="980" ind1=" " ind2=" ">
    <subfield code="a">CORDIS</subfield>
  </datafield>
  <datafield tag="980" ind1=" " ind2=" ">
    <subfield code="a">AUTHORITY</subfield>
  </datafield>
  <datafield tag="909" ind1="C" ind2="O">
    <subfield code="o">oai:juser.fz-juelich.de:897714</subfield>
  </datafield>
</record>
</collection>